Critica della violenza etica /

সংরক্ষণ করুন:
গ্রন্থ-পঞ্জীর বিবরন
প্রধান লেখক: Butler, Judith (লেখক)
অন্যান্য লেখক: Rahola, Federico
বিন্যাস: গ্রন্থ
ভাষা:ইতালিয়
প্রকাশিত: Milano : Feltrinelli, 2006
মালা:Campi del sapere
বিষয়গুলি:
ট্যাগগুলো: ট্যাগ যুক্ত করুন
কোনো ট্যাগ নেই, প্রথমজন হিসাবে ট্যাগ করুন!

MARC

LEADER 00000nam a2200000 i 4500
001 IT\ICCU\RAV\1427237
003 ItRI
005 20260115231856.0
008 060403s2006 it |||||| ||||| |||||c
015 |2 IT  |a 2007-3563 
020 |a 8807103966 
040 |b ita  |c importazione bologna sebina 
041 7 |a ita  |2 ISO-639-2 
100 1 |a Butler, Judith  |0 IT\ICCU\IEIV\045562  |4 aut 
240 1 0 |a Giving an account of oneself.  |3 IT\ICCU\RAV\1427240  |9 Butler, Judith 
245 1 0 |a Critica della violenza etica /  |c Judith Butler ; traduzione di Federico Rahola. 
260 |a Milano :  |b Feltrinelli,  |c 2006 
300 |a 182 p. ;  |c 23 cm. 
650 7 |a Etica 
700 1 |a Rahola, Federico  |0 IT\ICCU\CFIV\197149 
790 1 |a Butler, Judith P.  |3 IT\ICCU\CFIV\161887  |z Butler, Judith 
830 0 |a Campi del sapere  |0 IT\ICCU\CFI\0001750 
942 |2 ddc  |c BK  |n 0 
952 |0 0  |1 0  |4 0  |6 DOC_170_420000000000000_BUT  |7 0  |9 14990  |a BO  |b BO  |d 2026-01-15  |i 11207  |l 0  |o DOC 170.42 BUT  |p BO11207  |r 2026-01-15 23:18:56  |w 2026-01-15  |x [Sebina 5] [1 v.]  |y BK  |z 1 v. 
999 |c 12902  |d 12902